<?xml version="1.0" encoding="UTF-8"?><?xml-stylesheet type="text/xsl" href="static/style.xsl"?><OAI-PMH xmlns="http://www.openarchives.org/OAI/2.0/" xmlns:xsi="http://www.w3.org/2001/XMLSchema-instance" xsi:schemaLocation="http://www.openarchives.org/OAI/2.0/ http://www.openarchives.org/OAI/2.0/OAI-PMH.xsd"><responseDate>2026-04-18T03:51:17Z</responseDate><request verb="GetRecord" identifier="oai:www.recercat.cat:20.500.12327/3481" metadataPrefix="marc">https://recercat.cat/oai/request</request><GetRecord><record><header><identifier>oai:recercat.cat:20.500.12327/3481</identifier><datestamp>2025-10-22T11:02:43Z</datestamp><setSpec>com_2072_4428</setSpec><setSpec>com_2072_4427</setSpec><setSpec>col_2072_487898</setSpec></header><metadata><record xmlns="http://www.loc.gov/MARC21/slim" xmlns:dcterms="http://purl.org/dc/terms/" xmlns:xsi="http://www.w3.org/2001/XMLSchema-instance" xmlns:doc="http://www.lyncode.com/xoai" xsi:schemaLocation="http://www.loc.gov/MARC21/slim http://www.loc.gov/standards/marcxml/schema/MARC21slim.xsd">
   <leader>00925njm 22002777a 4500</leader>
   <datafield ind2=" " ind1=" " tag="042">
      <subfield code="a">dc</subfield>
   </datafield>
   <datafield ind2=" " ind1=" " tag="720">
      <subfield code="a">Abadias, Maribel</subfield>
      <subfield code="e">author</subfield>
   </datafield>
   <datafield ind2=" " ind1=" " tag="720">
      <subfield code="a">Bobo, Gloria</subfield>
      <subfield code="e">author</subfield>
   </datafield>
   <datafield ind2=" " ind1=" " tag="720">
      <subfield code="a">Anguera, Marina</subfield>
      <subfield code="e">author</subfield>
   </datafield>
   <datafield ind2=" " ind1=" " tag="720">
      <subfield code="a">Ortiz, Jordi</subfield>
      <subfield code="e">author</subfield>
   </datafield>
   <datafield ind2=" " ind1=" " tag="720">
      <subfield code="a">Aguiló, Ingrid</subfield>
      <subfield code="e">author</subfield>
   </datafield>
   <datafield ind2=" " ind1=" " tag="260">
      <subfield code="c">2024-10-16</subfield>
   </datafield>
   <datafield ind2=" " ind1=" " tag="520">
      <subfield code="a">In recent years, the awareness of healthier lifestyles among consumers has driven to an&#xd;
increased interest in more natural, nutritious, and low-processed foods. Ferulic acid, one of the most&#xd;
abundant phenolic acids in plants, has demonstrated a wide spectrum of antimicrobial activities and&#xd;
a range of biomedical effects, including antioxidant, antiallergic, hepatoprotective, anticarcinogenic,&#xd;
anti-inflammatory, and antithrombotic, among others. The objective of this work was to study the&#xd;
antilisterial effect of ferulic acid (FA, 1500 mg/L) on fresh, ready-to-eat orange (FOJ) and apple (FAJ)&#xd;
juices and evaluate its effect on product quality. The results showed that FA reduced the Listeria&#xd;
monocytogenes population after 9 days of storage at 4 ◦C, but no effect on the indigenous microbiota&#xd;
was observed. The titratable acidity and color significantly changed. The antioxidant capacity and&#xd;
total phenolic content significantly increased with the addition of FA, being at least two times greater&#xd;
in fortified juices. FAJ and FOJ containing FA were scored lower (6.8 and 5.7 on a 9-point hedonic&#xd;
scale, respectively) than their respective controls. Overall, our results demonstrated that FA treatment&#xd;
could be a useful strategy to maintain the safety of fresh apple and orange juices and increase the&#xd;
antioxidant activity and phenolic content. The potential industrial applications and health benefits of&#xd;
the fortification of fruit juices with FA should be further explored.</subfield>
   </datafield>
   <datafield ind1="8" ind2=" " tag="024">
      <subfield code="a">Abadias, Maribel, Gloria Bobo, Marina Anguera, Jordi Ortiz-Solà, and Ingrid Aguiló-Aguayo. 2024. “Fortification of Orange and Apple Juices with Ferulic Acid: Implications for Food Safety and Quality.” Foods 13 (20): 3288. https://doi.org/10.3390/foods13203288.  ‌</subfield>
   </datafield>
   <datafield ind1="8" ind2=" " tag="024">
      <subfield code="a">2304-8158</subfield>
   </datafield>
   <datafield ind1="8" ind2=" " tag="024">
      <subfield code="a">http://hdl.handle.net/20.500.12327/3481</subfield>
   </datafield>
   <datafield ind1="8" ind2=" " tag="024">
      <subfield code="a">https://doi.org/10.3390/foods13203288</subfield>
   </datafield>
   <datafield ind2="0" ind1="0" tag="245">
      <subfield code="a">Fortification of Orange and Apple Juices with Ferulic Acid: Implications for Food Safety and Quality</subfield>
   </datafield>
</record></metadata></record></GetRecord></OAI-PMH>